000
00304nam a22001337a 4500
008
181011b xxu||||| |||| 00| 0 eng d
020
_a
0883165376
041
_a
eng
080
_a
340
100
_a
15
101
_a
SHJ
245
_a
The Enterprise of Public Administration
_c
Waldo,D
942
_2
udc
_c
BK
999
_c
49401
_d
49401